00673cas a22002057a 450000500170000000800410001701000100005801100100006803500100007824500930008826000900018130000070027131000140027836200150029250000480030765000520035586600170040786600240042486600190044820220329142323.0000621d1987 uy zr pernn 0 b1spa d a81670 a82642 a9314100aBoletín de Investigaciónc/por Universidad de la República. Facultad de Aronomía0 aMontivedeo, Uruguay :bUniversidad de la República. Facultad de Agronomía,c1987- av. aIrregular1 an.37, 1991 aSe dejó de recibir a partir del n.38,199114aAgriculturaxUruguayxPublicaciones periodicas. an.1-7 (1987) an.19-22 (1988-1989) an.29-38 (1991)